| 000 | 00829nam a22002177a 4500 | ||
|---|---|---|---|
| 999 |
_c8735 _d8735 |
||
| 003 | AR-CdUCM | ||
| 008 | 190325b ||||| |||| 00| 0 spa d | ||
| 040 |
_aMUNICIPALIDAD PROVINCIAL DEL CUSCO _cBIBLIOTECA MUNICIPAL DEL CUSCO |
||
| 082 |
_a373.846 / _bC386 |
||
| 100 |
_aCcoaquira Cuito, Miguel _924383 |
||
| 245 | _aHistoria del colegio nacional mixto "Santo Tomas" / | ||
| 260 |
_aArequipa : _bArte link, _c2017 |
||
| 300 |
_a380 páginas ; _bimágenes. _c23 cm. |
||
| 505 | _aAlbores históricos del colegio santo tomas -- Creación y funcionamiento -- Tareas administrativas -- Gestión del inmueble e infraestructura -- Clausura del año escolar 1961... | ||
| 650 |
_aEducación. _9460 |
||
| 650 |
_aColegio. _924384 |
||
| 650 |
_aHistoria. _9136 |
||
| 650 |
_aSanto Tomas. _916582 |
||
| 942 |
_2ddc _cLIBROS |
||
| 945 | _awfj | ||